Statistics for Countries, US States, Capitals, Elements, 100 Most Common Words: change 1 letter to get another

Click here to take the quiz!

General Stats

  • This quiz has been taken 171 times
  • The average score is 59 of 90

Answer Stats

ANSWER% Correct
{Ari}z{ona}
91%
{Ari}z{ona}
91%
{}G{ambia}
91%
{Moro}c{}c{o}
91%
{}Z{ambia}
89%
{}A{l}a{sk}a{}
87%
{Br}u{nei}
87%
{Bru}n{ei}
87%
{Bru}n{ei}
87%
{}T{i}t{anium}
85%
{Ro}m{ania}
83%
{R}o{mania}
83%
{Ro}m{ania}
83%
{U}g{anda}
83%
{Ugan}d{a}
83%
{Arm}e{nia}
81%
{}B{arium}
81%
{B}a{rium}
81%
{Beiru}t{}
81%
{Beiru}t{}
81%
{Gu}y{ana}
81%
{}B{ahrain}
79%
{Ber}l{in}
79%
{Mala}w{i}
79%
{A}c{tinium}
77%
{I}c{eland}
77%
{I}r{eland}
77%
{Ma}d{ri}d{}
77%
{Comoro}s{}
75%
{}L{uanda}
75%
{}E{rbium}
74%
{Erbiu}m{}
74%
{Erbiu}m{}
74%
{Er}b{ium}
74%
{}A{lgeri}a{}
72%
{}A{lgeri}a{}
72%
{Algier}s{}
72%
{Algier}s{}
72%
{Ce}r{ium}
72%
{C}e{rium}
72%
{}C{erium}
72%
{Ce}s{ium}
72%
{}M{ana}m{a}
72%
{}P{anama}
72%
{C}u{ri}u{m}
70%
{}H{oniara}
70%
{H}o{niara}
70%
{}H{oniara}
70%
{Ma}n{ila}
68%
{Radi}u{m}
68%
{Ra}d{ium}
68%
{Israe}l{}
66%
{Isr}a{el}
66%
{L}u{saka}
66%
{Ser}b{ia}
66%
{So}d{ium}
60%
{Bama}k{o}
58%
{Bu}r{undi}
58%
{}K{ansas}
58%
{Os}m{iu}m{}
58%
{}R{ussia}
58%
{Sil}v{er}
58%
{Guin}e{a}
55%
{L}i{th}i{um}
55%
{}M{aseru}
55%
{}B{issau}
53%
{C}o{l}o{mbia}
53%
{Tai}w{an}
53%
{Ti}r{ana}
53%
{}B{ohrium}
51%
{}B{ohrium}
51%
{}T{horium}
51%
{}T{horium}
51%
{Raleig}h{}
49%
{Raleig}h{}
49%
{Ma}l{abo}
47%
{Rho}d{ium}
47%
{Rho}d{ium}
47%
{Athen}s{}
45%
{}B{angui}
45%
{Col}u{mbia}
45%
{Ge}r{manium}
45%
{Nassa}u{}
45%
{R}o{seau}
45%
{Dubniu}m{}
42%
{Th}u{li}u{m}
40%
{Magne}s{ium}
38%
{Teh}r{an}
32%
{Si}l{icon}
28%
{Nicosi}a{}
23%

Score Distribution

Percentile by Number Answered

Percent of People with Each Score

Your Score History

You have not taken this quiz